| 000 | 00983nam a2200241 a 4500 | ||
|---|---|---|---|
| 001 | 37732 | ||
| 003 | BD-RjUL | ||
| 005 | 20211209052637.0 | ||
| 008 | 150409r20021985ii |||| |||| 00| 0 ben d | ||
| 020 | _a8170664810 | ||
| 035 | _a(BD-RjUL)37836 | ||
| 040 |
_aBD-RjUL _beng _cBD-RjUL |
||
| 041 | _aeng | ||
| 082 |
_222 _a891.443 _bMAK 2002 |
||
| 100 |
_aমজুমদার, সমরেশ _9116515 |
||
| 245 | 1 | 0 |
_aকালপুরুষ / _cসমরেশ মজুমদার |
| 250 | _a১ম. সং. | ||
| 260 |
_aকলকাতা : _bআনন্দ পাবলিশার্স প্রইভেট লিমিটেড, _c১৯৮৫ [মুদ্রণ ২০০২] |
||
| 300 |
_a৩৬৬ পৃ. ; _c২২ সেমি. |
||
| 650 |
_aপশ্চিম বাংলা (ভারত) _xসামাজিক অবস্থা _vউপন্যাস _9116516 |
||
| 650 |
_aWest Bengal (India) _xSocial conditions _vFiction. _9116517 |
||
| 942 |
_2ddc _cBK _03 |
||
| 999 |
_c37732 _d37732 |
||